| 000 | 00894cam a2200301 a 4500 | ||
|---|---|---|---|
| 005 | 20260322212009.0 | ||
| 008 | data | ||
| 010 | _a91-3702 | ||
| 020 | _a0669244503 | ||
| 020 | _a066924449X (pbk.) | ||
| 020 | _a9780669244496 (pbk.) | ||
| 020 | _a9780669244502 | ||
| 040 |
_aDNLM _cDNLM |
||
| 041 | 0 | 9 | _aeng |
| 044 | _9United States | ||
| 060 | 0 | 0 |
_aHV 6113 _bM613a 1992 |
| 096 | _aWM 605 M613a 1992 | ||
| 100 | 1 | _aMeyer, Robert G. | |
| 245 | 1 | 0 |
_aAbnormal behavior and the criminal justice system / _cRobert G. Meyer. |
| 260 |
_aNew York : _bLexington Books ; Toronto : Maxwell Macmillan Canada ; New York : Maxwell Macmillan International, _cc1992. |
||
| 300 |
_ax, 312 p. : _bill. |
||
| 504 | _aIncludes bibliographical references and index. | ||
| 650 | 2 | _aCriminal Law | |
| 650 | 2 | _aCriminal Psychology | |
| 650 | 2 | _aDangerous Behavior | |
| 651 | 2 | _aUnited States | |
| 001 | data | ||
| 999 |
_c183 _d183 |
||